| 000 | 00469nam a2200181 4500 | ||
|---|---|---|---|
| 003 | SEACOMEC | ||
| 005 | 20240219114951.0 | ||
| 008 | 240219b |||||||| |||| 00| 0 eng d | ||
| 020 | _cRs.189.00 | ||
| 040 | _aSEACOMEC | ||
| 082 |
_a621.3192 _bM281 |
||
| 100 | _aMann,K. | ||
| 245 | 1 |
_aIntroductory AC circuit theory _cK.Mann,G.J.Russell |
|
| 260 |
_aHYderabad _bUniversities Press _c2000 |
||
| 650 | _aTechnology,Transmission | ||
| 700 | _aRussell,G.J. | ||
| 942 | _cBOOK | ||
| 999 |
_c655 _d655 |
||